| 000 | 00612nam a2200217 a 4500 | ||
|---|---|---|---|
| 001 | BRCA_7729 | ||
| 005 | 20190320205951.0 | ||
| 008 | 020913s2013----mx-#######---#000-0#spa-# | ||
| 020 | _a9789685852333 | ||
| 041 | _aspa | ||
| 044 | _amx | ||
| 050 | 4 |
_aNK1510 _b.C36 2013 |
|
| 100 | 1 |
_aCampi, Isabel _919123 |
|
| 245 | 1 | 0 |
_aLa historia y las teorías historiográficas del diseño _cIsabel Campi. |
| 260 |
_aMéxico _bDesignio _c2013 |
||
| 300 |
_a161 p. _c23 cm. |
||
| 440 | 0 |
_aTeoría y práctica _910115 |
|
| 504 | _aBibliografía: p. 149-157 | ||
| 650 | 1 | 4 |
_aDiseño _xHistoriografía _919124 |
| 942 |
_2lcc _cB |
||
| 999 |
_c7403 _d7403 |
||